| 000 | 00428cam a2200169ua 4500 | ||
|---|---|---|---|
| 001 | 9719 | ||
| 008 | 160806n ii |||gr||||Z||||||eng | ||
| 040 | _cMAIN | ||
| 041 | _aeng | ||
| 082 | _a320 | ||
| 245 |
_aRefresher course in political science : _btheory / _cby Experienced professor . |
||
| 250 | _a13th rev. ed. | ||
| 260 |
_aNew Delhi: _bS chand, _c1987. |
||
| 300 | _a295p. | ||
| 653 | _aPolitical science | ||
| 942 | _cBK | ||
| 999 |
_c8732 _d8732 |
||